000 00641nam a2200205 a 4500
001 000027848
003 DO-SdBNP
005 20240229073944.0
007 ta
008 110405s1999 dr a 000 0 spa d
040 _aDO-SdBNP
_bspa
_cBNPHU
049 _aBNPD
082 4 _bI38n
_222
245 1 3 _aLa independencia nacional /
_cidea selección de texto e ilustraciones y coordinación general José Chez Checo.
260 _aSanto Domingo :
_bBanco Central de la República Dominicana,
_c1999.
300 _a80 p. :
_bil. ;
_c31 cm.
590 _aInventariado, 2022/BT
700 1 _aChez Checo, José,
_d1949-
_910145
942 _2ddc
_cLBS1
999 _c27340
_d27340